| 000 | 00755nam a2200241Ia 4500 | ||
|---|---|---|---|
| 003 | OSt | ||
| 005 | 20220925230805.0 | ||
| 006 | a|||||r|||| 00| 0 | ||
| 007 | ta | ||
| 008 | 220923b |||||||| |||| 00| 0 eng d | ||
| 020 |
_a9781452226354 _c5055.5500000000002 |
||
| 037 |
_bBBS/61, 25/10/2012, Better Book Service _cGeneral Book |
||
| 040 |
_aRTL _cRTL _beng |
||
| 041 |
_2eng _aeng |
||
| 082 | _aX:51.1, Q3 | ||
| 100 |
_aBAACK Daniel W _9294366 |
||
| 245 | 0 | _aInternational marketing. | |
| 260 |
_aLos _bAngeles Sage _c2013 |
||
| 300 |
_axxxiii,583p. Appendix: p A-1 to G-3 _ccm. |
||
| 650 | _aCommerce | ||
| 942 |
_hX:51.1, Q3 _cGB _2CC |
||
| 999 |
_c586615 _d586615 |
||